|
|
|
|
| LEADER |
01720nam a2200361 4500 |
| 001 |
DLU180187762 |
| 005 |
##20181010 |
| 020 |
# |
# |
|a 9786048031893
|
| 040 |
# |
# |
|a DLU
|b vie
|
| 041 |
# |
# |
|a vie
|
| 044 |
# |
# |
|a vn
|
| 082 |
# |
# |
|a 378.597
|b LE-C
|
| 100 |
# |
# |
|a Lê Công Cơ,
|c AHLĐ. NGƯT.
|
| 245 |
# |
# |
|a Mô hình gắn kết giữa trường đại học với doanh nghiệp trong đào tạo đại học tại khu vực miền Trung - Việt Nam /
|c Lê Công Cơ, Lê Đức Toàn, Nguyễn Thị Hạnh.
|
| 260 |
# |
# |
|a H. :
|b Thông tin và truyền thông,
|c 2018.
|
| 300 |
# |
# |
|a 253 tr. :
|b minh họa ;
|c 24 cm.
|
| 504 |
# |
# |
|a Tài liệu tham khảo: tr. 236-247.
|
| 505 |
# |
# |
|a Chương 1. Cơ sở lý luận về gắn kết giữa trường ĐH với DN trong đào tạo ĐH -- Chương 2. Một sốmô hình, kinh nghiệm trong và ngoài nước về gắn kết giữa các trường ĐH với DN trong đào tạo ĐH -- Chương 3. Thực trạng về gắn kết giữa các trường ĐH với DN trong đào tạo ĐH tại khu vực miền Trung Việt Nam -- Chương 4. Đề xuất mô hình và giải pháp gắn kết giữa các trường ĐH với DN trong đào tạo ĐH tại khu vực miền Trung Việt Nam.
|
| 650 |
# |
# |
|a Hợp tác học thuật - công nghiệp
|z Việt Nam.
|
| 650 |
# |
# |
|a Trường Đại học và Cao đẳng
|x Khía cạnh xã hội.
|
| 700 |
# |
# |
|a Lê Đức Toàn,
|c PGS.TS.
|
| 700 |
# |
# |
|a Nguyễn Thị Hạnh,
|c ThS.
|
| 923 |
# |
# |
|a 03/2018
|
| 991 |
# |
# |
|a SH
|
| 992 |
# |
# |
|a 200000
|
| 994 |
# |
# |
|a DLU
|
| 900 |
# |
# |
|a True
|
| 911 |
# |
# |
|a Nguyễn Thanh Hương
|
| 925 |
# |
# |
|a G
|
| 926 |
# |
# |
|a A
|
| 927 |
# |
# |
|a SH
|
| 980 |
# |
# |
|a Thư viện Trường Đại học Đà Lạt
|